000 00753nas a2200253 4500
001 BR9803941
003 BR-BrBNA
005 20231205100846.0
007 ta
008 230509b bl.|||p| |||| 00| 00por d
040 _aBR-BrBNA
_bpor
_cBiblioteca Nacional de Agricultura
041 _a(Pt)
072 _aN20
100 1 _aCouto, S.M.
100 1 _aLoureiro, M.P.
100 1 _aRocha, G.
245 1 _aMaquina de ensaios para produtos agricolas: projeto e construcao
650 _aMaquina Agricola
650 _aPerda da Producao
650 _aPropriedade Reologica
773 0 _tEngenharia Agricola (Brazil)
_xISSN 0100-6916
_g(Mar 1998), v. 17(3) p. 110-120
_wBR9803941
909 _a202311
_bLúcia
_c55
_dLúcia Elande
942 _2AGRIS
_n0
_cANA
999 _c158481
_d158481